00700nam a2200193Ia 4500952013300000999001700133003000400150005001700154008004100171020001800212040000900230082002200239100002500261245009000286260005600376300000900432650001500441942005000456 00102ddc40708M&HaMESbMEScPHYSd2019-02-20g275.00l0o616.852706 DOS/Dp32543r2019-02-20 00:00:00w2019-02-20yBKzU22R3 c36887d36887OSt20201230110715.0190216s9999||||xx |||||||||||||| ||und|| a9788131707609 coclc a616.852706bDOS/D aDosani, Sabina97969 0aDefeat Depression :bTips And Techniques For Healing a Troubled Mind /cSabina Dosani bPearson Education International,c2008.aNew Delhi: a240p aReferences cBK2ddch616.852706iDOS/Dk616.852706mDOS/D